000 00844nas a2200289 4500
001 BR2012005218
003 BR-BrBNA
005 20231205120841.0
007 ta
008 230509b bl.|||p| |||| 00| 00por d
040 _aBR-BrBNA
_bpor
_cBiblioteca Nacional de Agricultura
041 _a(En)
072 _aH60
100 1 _aSouza, R.C.
100 1 _aDias, A.C.
100 1 _aFigueiredo, M.R.A.
100 1 _aObara, F.E.B.
100 1 _aChristoffoleti, P.J.
245 1 _aGrowth of the crabgrass species Digitaria ciliaris and Digitaria nuda
650 _aERVA DANINHA
650 _aCAPIM COLCHÃO
650 _aBIOLOGIA
650 _aCRESCIMENTO
773 0 _tPlanta Daninha (Brazil)
_xISSN 0100-8358
_g(Apr-Jun 2012), v. 30(2) p. 317-325
_wBR2012005218
909 _a202311
_bLúcia
_c55
_dLúcia Elande
942 _2AGRIS
_n0
_cANA
999 _c220641
_d220641